Tilastot visalle Malta-visa

Klikkaa tästä pelataksesi tätä visaa!

Yleistilastot

  • Tätä visaa on pelattu 42 kertaa
  • Keskiarvotulos 12 / 18

Vastaustilastot

VihjeVastaus% Oikein
Meri, jossa Malta sijaitseeVälimeri
100%
Maltaa lähimpänä olevat valtiotItalia
97%
PääkaupunkiValletta
94%
ValuuttaEuro
94%
Viralliset kieletEnglanti
94%
Valtio, josta Malta itsenäistyi 1964Yhdistynyt kuningaskunta
91%
Viralliset kieletMalta
88%
Maltaa lähimpänä olevat valtiotTunisia
79%
Sota, jonka aikana koko Maltan valtiolle annettiin yllä olevaToinen maailmansota
62%
Valtio, joka hallitsi Maltaa ennen vuotta 1530Espanja
59%
Ihmisryhmä, joka häädettiin Maltalta 1249Muslimit
56%
Rakennusmateriaali, joka on yksi Maltan tärkeimmistä luonnonvaroistaKalkkikivi
53%
Esine, joka on maan lipussa{Yrjön} risti
44%
Ritarikunta, joka hallitsi saaria 1530–1798{Johanniittain} ritarikunta
38%
Väkirikkain kuntaSt. {Paul}'s Bay
38%
Pääsaaren ohella asutut saaretGozo
38%
Puoliksi maanalainen pyhäkkö, joka on maailmanperintökohde{Hal Saflienin} hypogeum
29%
Pääsaaren ohella asutut saaretComino
26%

Tulosjakauma

Persentiili vastausten määrän mukaan

Jokaisen tuloksen saaneiden osuus

Tuloshistoriasi

Et ole pelannut tätä visaa